Literatura de la independencia / (Record no. 131498)

MARC details
000 -LEADER
campo de control de longitud fija 00785nam a2200229 i 4500
001 - NÚMERO DE CONTROL
campo de control 131498
003 - IDENTIFICADOR DE NÚMERO DE CONTROL
campo de control ES-MaACL
005 - FECHA Y HORA DE LA ÚLTIMA TRANSACCIÓN
campo de control 20230906194007.0
007 - CAMPO FIJO DE DESCRIPCIÓN FÍSICA--INFORMACIÓN GENERAL
campo de control de longitud fija t|
008 - DATOS DE LONGITUD FIJA--INFORMACIÓN GENERAL
campo de control de longitud fija 070214s1980 sp af |||| | spa d
100 1# - ENTRADA PRINCIPAL--NOMBRE DE PERSONA
Nombre de persona Rodríguez Alcalá, Hugo.
9 (RLIN) 98325
245 10 - MENCIÓN DEL TÍTULO
Título Literatura de la independencia /
Mención de responsabilidad, etc. Hugo Rodríguez Alcalá.
260 ## - PUBLICACIÓN, DISTRIBUCIÓN, ETC.
Lugar de publicación, distribución, etc. Madrid :
Nombre del editor, distribuidor, etc. La Muralla,
Fecha de publicación, distribución, etc. 1980.
300 ## - DESCRIPCIÓN FÍSICA
Extensión 46 p. :
Otras características físicas il. ;
Dimensiones 23 cm +
Material acompañante/anejo 60 diapositivas.
490 1# - MENCIÓN DE SERIE
Mención de serie Literatura hispanoamericana en imágenes ;
Designación de volumen o secuencia 6
504 ## - NOTA DE BIBLIOGRAFÍA, ETC.
Nota de bibliografía, etc. Bibliografía: p. 45-46.
650 #4 - PUNTO DE ACCESO ADICIONAL DE MATERIA--TÉRMINO DE MATERIA
Término de materia o nombre geográfico como elemento de entrada Poesía hispanoamericana-
Subdivisión cronológica S.XIX-
Subdivisión general Historia y crítica.
9 (RLIN) 163220
650 #4 - PUNTO DE ACCESO ADICIONAL DE MATERIA--TÉRMINO DE MATERIA
Término de materia o nombre geográfico como elemento de entrada Diapositivas.
9 (RLIN) 163225
830 0# - PUNTO DE ACCESO ADICIONAL DE SERIE-TÍTULO UNIFORME
Título uniforme Literatura hispanoamericana en imágenes ;
Designación de volumen o secuencia 6
9 (RLIN) 185564
852 ## - LOCALIZACIÓN
Ubicación ES-MaACL
Número de control de estantería C-16943
Holdings
Estatus retirado Estado de pérdida Fuente del sistema de clasificación o colocación Estado de daño No para préstamo Biblioteca de origen Biblioteca actual Ubicación en estantería Fecha de adquisición Total de préstamos Signatura topográfica completa Código de barras Visto por última vez Precio de reemplazo Tipo de ítem Koha
    Clasificación decimal universal     Biblioteca del Ateneo de Madrid Biblioteca del Ateneo de Madrid Galería 17/01/2008   C-16943 1136897 23/02/2023 23/02/2023 Diapositiva